| 000 | 00763cam a22002657a 4500 | ||
|---|---|---|---|
| 003 | CHAP | ||
| 005 | 20220329140942.0 | ||
| 008 | 971013s1995 r 00010 d | ||
| 010 | _a60343 | ||
| 011 | _a61315 | ||
| 035 | _a65479 | ||
| 040 | _cCHAP | ||
| 090 | _aFolleto 14692 | ||
| 110 |
_aColegio de Bachilleres. México _925055 |
||
| 245 | 1 | 3 |
_aEl aprendizaje estratégico _b: su aplicación en el aula |
| 260 |
_aMéxico, D. F. : _bEl Colegio, _c1995 |
||
| 300 | _a10 h. | ||
| 590 |
_aBATCH-UPD _b10 _c20130110 _lUCH01 _h1857 |
||
| 590 |
_aCONVERSION _b10 _c20130109 _lUCH01 _h1332 |
||
| 650 | 1 | 4 |
_aAprendizaje. _96370 |
| 650 | 1 | 4 |
_aRendimiento escolar. _995908 |
| 901 | _aBK | ||
| 942 | _cFOLL | ||
| 949 |
_aFolleto 14692 _bBC _cFOLL _d-146176 _eTS1 _i65479 _si |
||
| 999 |
_c60343 _d60343 |
||